| 000 | 00639nam a2200205 i 4500 | ||
|---|---|---|---|
| 001 | 75738 | ||
| 003 | ES-MaACL | ||
| 005 | 20240503140036.0 | ||
| 007 | t| | ||
| 008 | 040927s1972 sp ||||1| spa d | ||
| 100 | 1 |
_aGrau, Jacinto, _d1877-1958 _959732 |
|
| 245 | 1 | 3 |
_aEl señor de Pigmalion / _cJacinto Grau ; edición de Luciano García Lorenzo. |
| 260 |
_a[Salamanca] : _bAnaya, _c[1972] |
||
| 300 |
_a166 p. ; _c17 cm. |
||
| 490 | 1 |
_aBiblioteca Anaya ; _v101 |
|
| 700 | 0 |
_aGarcía Lorenzo, Luciano, _d1943- _954861 |
|
| 830 | 0 |
_aBiblioteca Anaya ; _v101 _9181464 |
|
| 852 |
_aES-MaACL _jC-53543 _bR.86345 |
||
| 999 |
_c75738 _d75738 |
||